Mobile web services : Architecture and implementation
保存先:
| 第一著者: | |
|---|---|
| フォーマット: | 図書 |
| 言語: | Undetermined |
| 出版事項: |
Hoboken, NJ
John Wiley & Sons, Ltd
2006
|
| 主題: | |
| タグ: |
タグ追加
タグなし, このレコードへの初めてのタグを付けませんか!
|
| Thư viện lưu trữ: | Trung tâm Học liệu Trường Đại học Cần Thơ |
|---|
| LEADER | 00604nam a2200205Ia 4500 | ||
|---|---|---|---|
| 001 | CTU_128474 | ||
| 008 | 210402s9999 xx 000 0 und d | ||
| 020 | |c 1360000 | ||
| 082 | |a 004.678 | ||
| 082 | |b H669 | ||
| 100 | |a Hirsch, Frederick | ||
| 245 | 0 | |a Mobile web services : | |
| 245 | 0 | |b Architecture and implementation | |
| 245 | 0 | |c Frederick Hirsch, John Kemp and Jani Ilkka | |
| 260 | |a Hoboken, NJ | ||
| 260 | |b John Wiley & Sons, Ltd | ||
| 260 | |c 2006 | ||
| 650 | |a Wireless communication systems.,Web services. | ||
| 904 | |i Minh | ||
| 980 | |a Trung tâm Học liệu Trường Đại học Cần Thơ | ||